<?xml version="1.0" encoding="UTF-8"?>
<collection xmlns:xsi="http://www.w3.org/2001/XMLSchema-instance" xsi:schemaLocation="http://www.loc.gov/MARC21/slim http://www.loc.gov/standards/marcxml/schema/MARC21slim.xsd" xmlns="http://www.loc.gov/MARC21/slim">
 <record>
  <leader>00000nam a22000004a 4500</leader>
  <controlfield tag="001">UP-8027390931311614638</controlfield>
  <controlfield tag="003">Buklod</controlfield>
  <controlfield tag="005">20250609131908.0</controlfield>
  <controlfield tag="006">m    |o  d |      </controlfield>
  <controlfield tag="007">cr |||||||||||</controlfield>
  <controlfield tag="008">250228s2022    xxu     r    |||| u|eng d</controlfield>
  <datafield tag="010" ind1=" " ind2=" ">
   <subfield code="a">2021054755</subfield>
  </datafield>
  <datafield tag="020" ind1=" " ind2=" ">
   <subfield code="a">9781000579642 (epub)</subfield>
   <subfield code="a">9781003080978  (ebook)</subfield>
   <subfield code="z">9780367532178 (hardback)</subfield>
   <subfield code="z">9780367524685 (paperback)</subfield>
  </datafield>
  <datafield tag="040" ind1="0" ind2=" ">
   <subfield code="a">DLC</subfield>
   <subfield code="c">DLC</subfield>
   <subfield code="d">DLC</subfield>
   <subfield code="e">rda</subfield>
   <subfield code="b">eng</subfield>
  </datafield>
  <datafield tag="041" ind1="0" ind2=" ">
   <subfield code="a">eng</subfield>
  </datafield>
  <datafield tag="050" ind1="0" ind2="0">
   <subfield code="a">QA 276.45</subfield>
   <subfield code="b">T56 2022</subfield>
  </datafield>
  <datafield tag="082" ind1="0" ind2="0">
   <subfield code="a">519.50285/5133 </subfield>
   <subfield code="2">23/eng20220301</subfield>
  </datafield>
  <datafield tag="100" ind1="0" ind2=" ">
   <subfield code="a">Timbers, Tiffany-Anne</subfield>
   <subfield code="e">author.</subfield>
  </datafield>
  <datafield tag="245" ind1="0" ind2="0">
   <subfield code="a">Data science</subfield>
   <subfield code="b">an introduction</subfield>
   <subfield code="c">Tiffany-Anne Timbers, Trevor Campbell and Melissa Lee.</subfield>
  </datafield>
  <datafield tag="250" ind1=" " ind2=" ">
   <subfield code="a">First edition.</subfield>
  </datafield>
  <datafield tag="264" ind1=" " ind2="0">
   <subfield code="c">2022.</subfield>
   <subfield code="a">Boca Raton : </subfield>
   <subfield code="b">CRC Press</subfield>
  </datafield>
  <datafield tag="300" ind1=" " ind2=" ">
   <subfield code="a">xxi, 420 pages</subfield>
   <subfield code="c">25 cm</subfield>
  </datafield>
  <datafield tag="336" ind1=" " ind2=" ">
   <subfield code="a">text</subfield>
   <subfield code="2">rdacontent</subfield>
   <subfield code="b">txt</subfield>
  </datafield>
  <datafield tag="337" ind1=" " ind2=" ">
   <subfield code="a">unmediated</subfield>
   <subfield code="2">rdamedia</subfield>
   <subfield code="b">n</subfield>
  </datafield>
  <datafield tag="338" ind1=" " ind2=" ">
   <subfield code="a">volume</subfield>
   <subfield code="2">rdacarrier</subfield>
   <subfield code="b">nc</subfield>
  </datafield>
  <datafield tag="490" ind1="0" ind2=" ">
   <subfield code="a">Statistics</subfield>
  </datafield>
  <datafield tag="504" ind1=" " ind2=" ">
   <subfield code="a">Includes bibliographical references and index.</subfield>
  </datafield>
  <datafield tag="505" ind1="0" ind2="0">
   <subfield code="a">R and the tidyverse -- Reading in data locally and from the Web -- Cleaning and wrangling data -- Effective data visualization -- Classification I : training &amp; predicting -- Classification II : evaluation &amp; tuning -- Regression I : K-nearest neighbors -- Regression II : linear regression -- Clustering -- Statistical inference -- Combining code and text rwith Jupyter -- Collaboration with version control -- Setting up your computer.</subfield>
  </datafield>
  <datafield tag="520" ind1="0" ind2=" ">
   <subfield code="a">&quot;Data Science: An Introduction focuses on using the R programming language in Jupyter notebooks to perform basic data manipulation and cleaning, create effective visualizations, and extract insights from data using supervised predictive models. Based on sound educational research and active learning principles, the book uses a modern approach to the R programming language and accompanying sheets for self-directed learning this book will leave students well-prepared for data science projects. Data Science: An Introduction focuses on workflows and communication strategies that are clear, reproducible, and shareable. Aimed at first year undergraduates with only minimal prior knowledge of mathematics and programming this book is suitable for students across many disciplines. All source code is available online as a GitHub repository, demonstrating the use of good reproducible and clear project workflows and is also accompanied by autograded Jupyter worksheets, providing the reader with guided interactive instruction&quot;-- </subfield>
   <subfield code="c">Provided by publisher.</subfield>
  </datafield>
  <datafield tag="588" ind1=" " ind2=" ">
   <subfield code="a">Description based on print version record and CIP data provided by publisher.</subfield>
  </datafield>
  <datafield tag="650" ind1="0" ind2="0">
   <subfield code="a">Quantitative research </subfield>
   <subfield code="x">Data processing </subfield>
   <subfield code="v">Textbooks.</subfield>
  </datafield>
  <datafield tag="650" ind1="0" ind2="0">
   <subfield code="a">Mathematical statistics</subfield>
   <subfield code="x">Data processing</subfield>
   <subfield code="v">Textbooks.</subfield>
  </datafield>
  <datafield tag="650" ind1="0" ind2="0">
   <subfield code="a">R (Computer program language)</subfield>
   <subfield code="v">Textbooks.</subfield>
  </datafield>
  <datafield tag="700" ind1="0" ind2=" ">
   <subfield code="a">Campbell, Trevor </subfield>
   <subfield code="e">author.</subfield>
   <subfield code="c">(Professor of statistics),.</subfield>
  </datafield>
  <datafield tag="700" ind1="0" ind2=" ">
   <subfield code="a">Lee, Melissa</subfield>
   <subfield code="e">author.</subfield>
   <subfield code="c">(Statistics educator),.</subfield>
  </datafield>
  <datafield tag="776" ind1="0" ind2=" ">
   <subfield code="a">Timbers, Tiffany-Anne. </subfield>
   <subfield code="i">Print version:</subfield>
   <subfield code="t">Data science</subfield>
   <subfield code="d">Boca Raton : CRC Press, 2022</subfield>
   <subfield code="z">9780367532178 </subfield>
   <subfield code="w">(DLC) 2021054754</subfield>
   <subfield code="b">First edition.</subfield>
  </datafield>
  <datafield tag="905" ind1=" " ind2=" ">
   <subfield code="a">FO</subfield>
  </datafield>
  <datafield tag="852" ind1="0" ind2=" ">
   <subfield code="a">UPD</subfield>
   <subfield code="b">DSTC</subfield>
   <subfield code="h">QA 276.45</subfield>
   <subfield code="i">T56 2022</subfield>
  </datafield>
  <datafield tag="942" ind1=" " ind2=" ">
   <subfield code="a">Book</subfield>
  </datafield>
 </record>
</collection>
